Contested Lands (Record no. 533360)
[ view plain ]
| 000 -LEADER | |
|---|---|
| fixed length control field | 00493nam a22001817a 4500 |
| 003 - CONTROL NUMBER IDENTIFIER | |
| control field | NUST |
| 005 - DATE AND TIME OF LATEST TRANSACTION | |
| control field | 20191226150746.0 |
| 008 - FIXED-LENGTH DATA ELEMENTS--GENERAL INFORMATION | |
| fixed length control field | 191226b ||||| |||| 00| 0 eng d |
| 020 ## - INTERNATIONAL STANDARD BOOK NUMBER | |
| International Standard Book Number | 978-0674024472 |
| 024 ## - OTHER STANDARD IDENTIFIER | |
| Standard number or code | 0674024478 |
| 038 ## - RECORD CONTENT LICENSOR | |
| Staff Name | MSOHAIL |
| 082 ## - DEWEY DECIMAL CLASSIFICATION NUMBER | |
| Classification number | 303.616 |
| 100 ## - MAIN ENTRY--PERSONAL NAME | |
| Personal name | Sumantra Bose |
| 9 (RLIN) | 27201 |
| 245 ## - TITLE STATEMENT | |
| Title | Contested Lands |
| Remainder of title | Israel-Palestine, Kashmir, Bosnia, Cyprus and Sri Lanka |
| 260 ## - PUBLICATION, DISTRIBUTION, ETC. | |
| Place of publication, distribution, etc. | New Delhi |
| Name of publisher, distributor, etc. | The India Today Group |
| Date of publication, distribution, etc. | c2007 |
| 300 ## - PHYSICAL DESCRIPTION | |
| Extent | 329;pxv |
| 942 ## - ADDED ENTRY ELEMENTS (KOHA) | |
| Source of classification or shelving scheme | |
| Koha item type | Book |
| Withdrawn status | Lost status | Source of classification or shelving scheme | Damaged status | Not for loan | Permanent Location | Current Location | Date acquired | Total Checkouts | Full call number | Barcode | Date last seen | Price effective from | Koha item type |
|---|---|---|---|---|---|---|---|---|---|---|---|---|---|
| School of Civil and Environmental Engineering (SCEE) | School of Civil and Environmental Engineering (SCEE) | 12/26/2019 | 303.616 | NIT-8946 | 12/26/2019 | 12/26/2019 | Book |
